| 000 | nam a22 7a 4500 | ||
|---|---|---|---|
| 999 |
_c331721 _d331721 |
||
| 003 | NUST | ||
| 005 | 20171018130853.0 | ||
| 008 | 171018b xxu||||| |||| 00| 0 eng d | ||
| 020 | _a9789699874000 | ||
| 040 | _cNust | ||
| 082 |
_a954.9042092 _bSHA |
||
| 100 |
_aShaikh, Muhammad Ali _95513 |
||
| 245 |
_aQuaid-e- Azam Mohammad Ali Jinnah: _beducation, struggle & achievements / _cby Muhammad Ali Shaikh |
||
| 260 |
_aKarachi: _bSMI University press, _c2013 |
||
| 300 | _a120 p. | ||
| 504 | _aInclude references | ||
| 650 |
_aBiography _9461 |
||
| 942 |
_2ddc _cBK |
||